| 000 | 00768nam a2200229 a 4500 | ||
|---|---|---|---|
| 005 | 20240228063843.0 | ||
| 008 | 031009s2000 mx r 000 0 spa d | ||
| 020 | _a9681662318 | ||
| 035 | _aUPN01000129857 | ||
| 049 | _aI | ||
| 050 | 4 |
_aPZ71 _bM3.7 |
|
| 100 | 1 | _aMahy, Margaret | |
| 245 | 1 | 0 |
_aTiritimoras, tubértifas y teléfonos / _cMargaret Mahy ; il. Rodrigo Ponce ; tr. María Vinós. |
| 260 |
_aMéxico : _bFCE, _c2000. |
||
| 300 |
_a92 p. _bprincipalmente il. col. |
||
| 440 | 0 |
_aA la orilla del viento. _pPara los que leen bien _v137 |
|
| 534 |
_pTraducción de: _tTingleberries, tickertubs and telephones |
||
| 650 | 4 |
_aCuentos infantiles _96744 |
|
| 650 | 4 |
_aLibros y lectura para niños _92290 |
|
| 700 | 1 |
_aPonce, Rodrigo, _eil. |
|
| 905 | _aInfantil | ||
| 999 |
_c102014 _d102014 |
||